| 000 | 00631nam a22002057a 4500 | ||
|---|---|---|---|
| 005 | 20140311162958.0 | ||
| 008 | 130218t xxu||||| |||| 00| 0 eng d | ||
| 020 | _a9812437061 | ||
| 050 |
_aRT 41 _b.D342 2002 |
||
| 100 | _aDelaune, Sue C. | ||
| 245 |
_aSkills checklist to accompany Fundamentals of nursing : _bstandards & practice / _cSue C. Delaune |
||
| 250 | _a2nd ed. | ||
| 260 |
_a5 Shenton Way #01-01 UIC Building Singapore : _bThomson Learning Asia, _c2002. |
||
| 300 |
_a245 p. : _c26 cm. _bill. ; |
||
| 521 | _aNUR | ||
| 650 |
_aNursing _vFundamentals |
||
| 942 |
_2lcc _cBK _kFOR |
||
| 999 |
_c39111 _d39111 |
||